| 000 | 00592nam a2200145Ia 4500 | ||
|---|---|---|---|
| 008 | 250506s9999 xx 000 0 und d | ||
| 024 | _a07B-85-EE, 07B-64-EE, 07B-63-EE & 07B-98-EE | ||
| 082 | _a621.38412072 SYE | ||
| 100 | _aSyed Muisab Ahmed, Muhammad Kamran ul Haq, Chaudhry Muhammad Junaid & Umair ur Rehman | ||
| 245 | 0 | _aUnmanned Sea Surface Vehicle | |
| 260 |
_aKarachi: _bUIT, _c2007 |
||
| 600 | _aElectronic Engineering | ||
| 650 | _aBachelor of Engineering (BE) | ||
| 856 |
_uhttps://drive.google.com/file/d/1-uQZIkFaYxXympwGpldloywrtLTCtSqv/view?usp=sharing _yClick Here for PDF |
||
| 999 |
_c27927 _d27927 |
||